Lanean...

Netaji Subhas chandra bose

Xehetasun bibliografikoak
Egile nagusia: Gopal Madan
Formatua: Printed Book
Argitaratua: Delhi: Har anand publications.
Gaiak:
LEADER 00421nam a22001214a 4500
082 |a 923.254 
100 |a Gopal Madan , 
260 |a Delhi:  |b Har anand publications. 
650 |a Netaji Subhas chandra bose 
245 |a Netaji Subhas chandra bose  |c by Madan Gopal 
942 |c BK 
999 |c 247016  |d 247016 
952 |0 0  |1 0  |4 0  |6 923_254000000000000_GOP  |7 0  |8 G  |9 262369  |a HIS  |b HIS  |d 2020-01-04  |l 0  |o 923.254 GOP  |p HIS9371  |r 2020-01-04  |t 1  |w 2020-01-04  |y BK